| 000 | 00663nam a2200229 4500 | ||
|---|---|---|---|
| 003 | OSt | ||
| 005 | 20240722060432.0 | ||
| 006 | a | ||
| 008 | 240722b |||||||| |||| 00| 0 eng d | ||
| 020 | _a9789715812108 | ||
| 040 |
_aDWCL-Main lib. _cOC |
||
| 082 |
_2Revised edition _aCirc. 306.874 V273t 2010 |
||
| 100 | _aVan Pelt, Nan | ||
| 245 | _aTrain up a child / | ||
| 250 | _aRevised edition | ||
| 260 |
_aManila : _bPhilippine Pub. House, _cc2010. |
||
| 300 |
_b246 p. : col. ill. ; _c25 cm. |
||
| 650 | _a1. Parenting. | ||
| 650 | _a2. Parent and child relationship. | ||
| 650 | _a3. Child rearing. | ||
| 942 |
_2ddc _n0 _cBK-CIRC _eRevised edition _kCirc. |
||
| 999 |
_c2521 _d2521 |
||